000 00291nam a2200133 i 4500
001 bg
100 1 _aMykowiecki, T.
245 1 0 _adBase 3 Plus /
_cT. Mykowiecki.
260 _aWarszawa,
_c1989.
040 _cBPK
041 _apol
942 _cKS
008 s pl f |000 0 pol
999 _c3928
_d3928
856 _uhttp://koha.tu.koszalin.pl/cgi-bin/koha/opac-detail.pl?biblionumber=3928
_yKatalog online BPK